Größte Orte im Landkreis Nordwestmecklenburg - Statistiken

Allgemein
  • Dieses Quiz wurde 12 mal gespielt
  • Das Durchschnittsergebnis liegt bei 7 aus 15
Antwortstatistiken
Einwohner Ort % Korrekt
43.878 Wismar
89%
10.538 Grevesmühlen
78%
5.457 Gadebusch
67%
3.153 Klütz
56%
3.743 Bad Kleinen
44%
2.633 Boltenhagen
44%
4.038 Dassow
44%
5.330 Lüdersdorf
44%
4.711 Schönberg
44%
3.346 Dorf Mecklenburg
33%
4.014 Neukloster
33%
3.605 Rehna
33%
2.551 Gägelow
22%
3.192 Selmsdorf
22%
3.195 Warin
22%
Keine übereinstimmenden Quizze gefunden
Verteilung der Resultate
Anzahl Personen mit jedem Resultat
Perzentil nach korrekt beantworteten Fragen
Ihre Resultats-Entwicklung
Sie haben dieses Quiz noch nicht gespielt